• 首页
  • 本馆介绍
  • 公告通知
  • 最新文献
  • 馆藏检索
  • 电子资源
  • 读者导购
  • 参考咨询
  • 我的图书馆
  • 登录
  • 详细信息显示
  • 放入我的书架
  • 预约/预借图书
  • 作者相关作品
  • 分类相关作品
  • 丛书相关作品
  • 出版社相关作品

书目信息

  • 表格格式
  • 工作单格式
  • 卡片格式
题名:
曾纪泽遗集
    
 
作者: 曾纪泽 , 喻岳衡 著
分册:  
出版信息: 长沙   岳麓书社  1983
页数: 402页
开本: 21cm
丛书名:
单 册:
中图分类: K256.06 , I215.22
科图分类:
主题词: 史料--中国--1860~1900 , 文学--作品集--中国
电子资源:
ISBN:
000 00731nam0 2200277 45
001 0183003462
005 20040419150816.4
010    @dCNY1.30
091    @a11285.13
100    @a19950630d1983 em y0chiy0121 ea
101 0  @achi
102    @aCN@b430000
105    @ay z 000yy
106    @ar
200 10 @a曾纪泽遗集@Azeng ji ze yi ji@f(清)曾纪泽著,喻岳衡点校
210    @a长沙@c岳麓书社@d1983
215    @a402页@d21cm
606    @a史料@y中国@z1860~1900
606 0  @a文学@x作品集@x中国
690    @aK256.06@v3
690    @aI215.22
701  0 @a曾纪泽@Azeng ji ze@4著
701  0 @a喻岳衡@Ayu yue heng@4点校
801  0 @aCN@b上海图书馆@c20040419
801  2 @aCN@bNLC@c20040419
905    @f1@b174212@dI215.22@e219
    
    曾纪泽遗集/(清)曾纪泽著,喻岳衡点校.-长沙:岳麓书社,1983
    402页;21cm
    
    
    ISBN :CNY1.30
    
●
相关链接 在E读中查询图书 在五车中查询图书 在当当中查询图书 在豆瓣中查询图书


正题名:曾纪泽遗集     索取号:I215.22/219         预约/预借

序号 登录号 条形码 馆藏地/架位号 状态 备注
1 0174212   000229096   第二借阅区/ [索取号:I215.22/219] 在馆    
2 0174213   000229167   第一样本阅览室/ [索取号:I215.22/219] 在馆    
唐山师范学院图书馆 欢迎您!
大连网信软件有限公司© 版权所有